| 000 | 01101 a2200325 4500 | ||
|---|---|---|---|
| 001 | 200129374 | ||
| 651 | 7 |
_aTürkiye _xSiyaset ve yönetim _2 _9120128 |
|
| 999 |
_c200129374 _d31736 |
||
| 003 | TR-AnTOB | ||
| 005 | 20240814073633.0 | ||
| 008 | 130521e2012 tu 000 0 | ||
| 020 | _a9786055296131 | ||
| 040 | _aTR-AnTOB | ||
| 041 | _atur | ||
| 050 | 0 | 0 |
_aDR479.M27 _bT87 2012 |
| 090 | _aDR479.M27 T87 2012 | ||
| 245 | 0 | 0 |
_aTürkiye-Makedonya ilişkileri / _ceditör Yeliz Okay, Tuncay Babalı. |
| 264 | 1 |
_aİstanbul: _bDoğu Kitabevi, _c2012. |
|
| 300 |
_a160 p.; _c23 cm. |
||
| 490 | 0 |
_aDoğu Kitabevi Tarih ve Uygarlık Dizisi; _v5. |
|
| 651 | 7 |
_aMakedonya _xSiyaset ve yönetim _2etuturkob _989408 |
|
| 651 | 0 |
_aMacedonia _xPolitics and government _989409 |
|
| 651 | 0 |
_aTurkey _xRelations _zMacedonia _989410 |
|
| 651 | 0 |
_aTürkiye _xİlişkiler _zMakedonya _989411 |
|
| 651 | 0 |
_aTurkey _xPolitics and government _955303 |
|
| 700 | 1 |
_aOkay, Yeliz _989173 |
|
| 700 | 1 |
_aBabalı, Tuncay _989174 |
|
| 710 | 2 |
_aTürkiye. _bDışişleri Bakanlığı. _bStratejik Araştırmalar Merkezi _989175 |
|
| 942 | _cBK | ||